| 000 | 01152cad a22002055a 4500 | ||
|---|---|---|---|
| 001 | L157505 | ||
| 008 | 130104s2012 xxk f 000 0 eng d | ||
| 035 | _a(Sirsi) u157505 | ||
| 041 | 0 | _aeng | |
| 110 | 2 |
_aUnited Kingdom _bDepartment for Environment, Food and Rural Affairs |
|
| 245 | 0 | 0 |
_aConsultation on the UK implementation of the EU Timber Regulation _h[electronic resource] |
| 260 |
_aLondon _bDEFRA _c2012 |
||
| 520 | _aSeeks views on the proposed regulations for implementing the EU Timber Regulation in the UK. This regulation counters the trade in illegally harvested timber and timber products through three key obligations including prohibiting the placing on the EU market for the first time of illegally harvested timber and making traders keep records of suppliers and customers of products derived from such timber. The consultation ends on the 4 February 2013. | ||
| 590 | _aKA | ||
| 651 | 4 | _aUnited Kingdom | |
| 690 |
_aEnvironment _96238 |
||
| 690 |
_aSustainability _96271 |
||
| 856 | 4 | 0 |
_uhttps://www.defra.gov.uk/consult/files/consult-paper-20121227.pdf _zView the consultation free of charge at www.defra.gov.uk |
| 942 | _n0 | ||
| 999 |
_c114806 _d114806 |
||